Normal view
MARC view
- Heather, Beryl
Entry Nombre Personal
001 - NUMERO DE CONTROL
- campo de control: 47249
003 - IDENTIFICADOR DE NUMERO DE CONTROL
- campo de control: DLC
005 - FECHA Y HORA DE LA ÜLTIMA TRANSACCIÓN
- campo de control: 20221031155327.0
008 - DATOS DE LONGITUD FIJA
- campo de control de longitud fija: 221031n| acannaab| |n aaa c
010 ## - NÚMERO DE CONTROL DE LA BIBLIOTECA DEL CONGRESO
- Número de control LC: nb 98003472
040 ## - FUENTE DE CATALOGACIÓN
- Agencia original de catalogación: Uk
- Agencia de transcripción: Uk
- Lenguaje de catalogación: spa
- Agencia que lo modifica: MX-MxUPN
- Description conventions: RDA
100 1# - ENCABEZAMIENTO - NOMBRE PERSONAL
- Nombre personal: Heather, Beryl
670 ## - FUENTE EN LA QUE SE LOCALIZARON DATOS
- Cita de la fuente: NLP in 21 days, 1999:
- Información localizada: portada (Beryl Heather)
670 ## - FUENTE EN LA QUE SE LOCALIZARON DATOS
- Cita de la fuente: PNL en sólo 21 días, 2001:
- Información localizada: portada (Beryl Heather)
902 ## - CATALOGADOR
- Catalogador: VAGG/311022
